01719nam a2200385 a 450000100100000000500170001000800410002702000150006802000220008302000220010502000220012702000220014904000250017108200130019624500440020926000550025330000240030849000650033250000540039750504620045170000250091370000360093870000240097470000300099870000250102870000240105370000210107770000320109870000250113070000280115570000310118370000290121470000250124383000650126800002572820200930024013.0110221s1986 ck a r 001 0 spa d a9589028225 a9589028241 (t. 2) a958902825x (t. 3) a9589028276 (t. 5) a9589028284 (t. 6) aDO-SdBNPbspacBNPHU ann*bnn*00aBiografía de los constituyentes 1886. aBogotá, D. F. :bBanco de la República,c1986. av. :bil. ;c20 cm.1 aBibliográfica Banco de la República. Historia Colombiana aLa biblioteca sólo posee los tomos 2, 3, 5 y 6.0 gT. 2.rJuan de Dios Ulloa, Guillermo Quintero Calderón y Antonio Carreño.tLas condiciones económico-sociales 1 --gT. 3.rMiguel A. Vives Arrantia, Juan Campo Serrano, Roberto Sarmiento y Acisclo Molano.tLas condiciones económico-sociales 2 --gT. 5.rJose Maria Samper Agudelo, Felipe Fermin Paul y Carlos Calderon Reyes.tDebate constitucional 2 --gT. 6.rJose Maria Campo Serrano, Simon de Herrera Leyva y Jose Laborde Ariza.tLos Admiradores.1 aUlloa, Juan de Dios.1 aQuintero Calderón, Guillermo.1 aCarreño, Antonio.1 aVives Orrantia, Miguel A.1 aCampo Serrano, Juan.1 aSarmiento, Roberto.1 aMolano, Acisclo.1 aSamper Agudelo, Jose Maria.1 aFermin Paul, Felipe.1 aCalderon Reyes, Carlos.1 aCampo Serrano, Jose Maria.1 aHerrera Leyva, Simon de.1 aLaborde Ariza, Jose. 0aBibliográfica Banco de la RepúblicapHistoria Colombiana